Premier League Golden Glove - Statistics

General Stats
  • This quiz has been taken 2,025 times
  • The average score is 6 of 8
Answer Stats
Hint Answer % Correct
2009-10 petr cech
94%
2004-05 petr cech
94%
2008-09 edwin van der sar
85%
2011-12 joe hart
80%
2010-11 joe hart
80%
2007-08 pepe reina
61%
2006-07 pepe reina
61%
2005-06 pepe reina
61%
No matching quizzes found
Score Distribution
Percent of People with Each Score
Percentile by Number Answered
Your Score History
You have not taken this quiz